000 00419nam a2200181Ia 4500
003 OSt
005 20240318141516.0
008 210210b xxu||||| |||| 00| 0 eng d
040 _cAL
041 _akan
082 _a859/2290
100 _a-
_9155168
245 _aStrI hradya:
_bಸ್ತ್ರೀ ಹೃದಯ
260 _aBengaluru
_b-
690 _aKannada Fiction
_9155169
906 _a023004
942 _2ddc
_cBK
999 _c147837
_d147837